000 02123cam a22004454i 4500
003 PE-LiUPU
005 20250731165427.0
008 160209s2004 pe grm 000 0 spa d
035 _a(Sirsi) a155997
040 _aPE-LiUPU
_bspa
_cPE-LiUPU
_erda
099 _aICC 2
_bF79 2004
100 1 _aGranados Claros, Ángel
_eautor
245 1 _aImplementación y fortalecimiento del sistema de control interno para las tesorerías de las iglesias y congregaciones de la Asociación Peruana Central Norte de la Iglesia Adventista del Séptimo Día /
_cAngel Granados Claros.
264 0 _c2004.
300 _a186 hojas
_c30 cm
336 _atext
_2rdacontent
337 _aunmediated
_2rdamedia
338 _avolume
_2rdacarrier
502 _aInforme
_b(Lic.) --
_cUniversidad Peruana Unión,
_d2004.
504 _aIncluye referencias
520 3 _aDentro del proceso administrativo, la gerencia, dirección o administración de la organización desarrolla una serie de actividades encaminadas a la consecución de los objetivos previstos; para ello desarrolla actividades de planeación, organización, dirección, ejecución y control. Es precisamente por ese conjunto de acciones que se hace evidente la necesidad de contar con un eficiente Sistema de Control Interno. El control interno es una expresión que se utiliza para describir todas las medidas adoptadas por los propietarios y directores de empresas o negocios o por administradores y gerentes para dirigir y controlar las operaciones de las organizaciones bajo su responsabilidad.
526 _aSEG44
526 _aSEG26
526 _aP151
526 _aP150
526 _aP149
526 _aP146
526 _aP145
526 _aP126
526 _aP125
526 _aP92
526 _aP75
526 _aP74
526 _aP27
526 _aP15
650 0 4 _aAdventistas del Séptimo Día
_xControl interno
_zPerú
_vTesis.
596 _a1
942 _2ddc
_cINFEXPRO
999 _aICC 2 F79 2004
_wALPHANUM
_c8677
_iT00017
_lCCODEBUL3
_mBUL
_r1
_sY
_tINFEXPRO
_u2016-2-9
_xFCE
_PP08
_o.STAFF. Tesis
_d8677
980 _81
_gALBERTO SANCHEZ Responsable de Automatización